000 01179cam a22003617a 4500
001 3038
003 FISKH
005 20250211092939.0
008 080707s2000 cau j 000 1 eng d
010 _a 2008299848
020 _a0736231412
020 _a9780736231411
020 _a9780439444439
035 _a(OCoLC)ocn156982849
040 _aIVU
_cIVU
_dDLC
_beng
042 _alccopycat
050 0 0 _aPZ7.S75663
_bSt 2000b
082 0 0 _a[Fic]
_222
100 1 _aSpinelli, Jerry.
_d(1941-)
245 1 0 _aStargirl /
_cby Jerry Spinelli.
250 _aFirst Scholastic paperback printing, September 2002
260 _aNew York :
_bScholastic,
_c2000.
300 _a188 pages :
_c20 cm
505 _aN
520 _aIn this story about the perils of popularity, the courage of nonconformity, and the thrill of first love, an eccentric student named Stargirl changes Mica High School forever.
521 8 _a590
_bLexile
521 8 _aN
_bRaz-Plus
650 0 _aIndividuality
_vJuvenile fiction.
650 0 _aPopularity
_vJuvenile fiction.
651 0 _aArizona
_vFiction.
906 _a7
_bcbc
_ccopycat
_d2
_encip
_f20
_gy-gencatlg
942 _2ddc
_cBK
_n0
999 _c3038
_d3038